000 00539nam a2200193Ia 4500
005 20250326142858.0
008 250326s9999 xx 000 0 und d
020 _a0-07-048640-9
037 _aTextbook
040 _aFMSL
_beng
_cFMSL
041 _aeng
_2eng
084 _aX:51 P2
_qFMSL
100 _aElliott Ettenberg
245 0 _aNext Economy
_cElliott Ettenberg
260 _aNew York
_bNew York, McGraw-Hill Professional Publishing
_c2002
300 _axv,220.
942 _cTB
_hX:51 P2
999 _c1297072
_d1297072